Judd Apatow Cast - Sudden Death - Statistics

General Stats
  • This quiz has been taken 35 times
  • The average score is 6 of 17
Answers on the Grid
Answers color-coded by a green-red scale on the quiz's grid according to % correct below.
Adam Sandler
John Cena
Dwayne Johnson
Jason Schwartzman
Eric Bana
Ana de Armas
Jonah Hill
Ryan Gosling
Tilda Swinton
Method Man
Seth Rogen
Danny McBride
Amy Schumer
Raekwon
Eminem
Rosario Dawson
Daniel Radcliffe
Jim Carrey
Steve Carell
Jennifer Aniston
Steve Buscemi
Leslie Mann
RZA
Sarah Silverman
Jamie Foxx
Pete Davidson
Isla Fisher
Ghostface Killah
Clint Eastwood
Ving Rhames
 
Answer Stats
Answer % Correct
Jonah Hill
68%
Seth Rogen
68%
Adam Sandler
64%
Amy Schumer
41%
Jason Schwartzman
41%
Steve Carell
41%
John Cena
36%
Leslie Mann
36%
Pete Davidson
32%
Eric Bana
27%
Sarah Silverman
23%
Tilda Swinton
23%
Daniel Radcliffe
18%
Method Man
18%
Eminem
14%
RZA
14%
Steve Buscemi
14%
No matching quizzes found
Score Distribution
Percent of People with Each Score
Percentile by Number Answered
Your Score History
You have not taken this quiz